000 01460cam a2200445 4500
001 21741
003 VRT
005 20260309112201.0
008 200104s2013 xo a b 000 j slo
015 _aSNBA2018/02
020 _a9788080884734
_q(viazané)
035 _aurn:nbn:sk:snk-am00d22d
035 _aurn:nbn:sk:snk-am3hj1q
035 _a6910A519-C496-4853-AD7E-3D320869697A
039 9 _a202511092211
_bmsnk116
_c202001041220
_dVLOAD
_c201802281427
_dmsnk21
040 _aSNK
_bslo
_cSNK
_erda
041 0 _aslo
044 _axo
_cSK
072 7 _a821-93
_xLiteratúra pre deti a mládež (beletria)
_2konspekt
080 _a(0:82-34)
_22011
080 _a(0.05)
_22011
245 0 0 _aO troch medveďoch a iné rozprávky
250 _aVydanie prvé - dotlač
264 1 _aBratislava
_bMatys
_c2013
300 _a50 strán
_bfarebné ilustrácie
_c25 cm
336 _atext
_btxt
_2rdacontent
336 _astatický obraz
_bsti
_2rdacontent
337 _abez média
_bn
_2rdamedia
338 _azväzok
_bnc
_2rdacarrier
490 1 _aVeľké písmená
655 7 _arozprávky
_2SNKPH
655 7 _apublikácie pre deti
_2SNKPH
655 7 _aFairy tales
_2SNKPHeng
655 7 _aChildren's literature
_2SNKPHeng
710 2 _aLibrex
_4ill
830 0 _aVeľké písmená
942 _2ddc
_cKLDE
_n0
949 _617A1308163
_asnkSC 177826
_bsnk2018/2186
_o2389/17
_s6100:20180316
949 _617A1308164
_asnkSC 177826 D1
_bsnk2018/2187
_o2389/17
999 _c21741
_d21741